000
00238nam a2200109Ia 4500
008
200302s9999 xx 000 0 und d
100
_a
Sarah Carr - Gomm
245
_a
Goya
260
_b
Parkstone Press
260
_c
2000
300
_a
174 P.,
999
_c
1719
_d
1719